[Event "45th Olympiad 2024"]
[Site "Budapest HUN"]
[Date "2024.09.14"]
[Round "4.10"]
[Board "4"]
[White "Jones, Gawain C B"]
[Black "Pantsulaia, Levan"]
[Result "1/2-1/2"]
[WhiteTitle "GM"]
[BlackTitle "GM"]
[WhiteElo "2646"]
[BlackElo "2516"]
[WhiteTeam "England"]
[BlackTeam "Georgia"]
[WhiteFideId "409561"]
[BlackFideId "13602071"]
[EventDate "2024.09.11"]

1. c4 c5 2. Nf3 g6 3. e4 Bg7 4. d4 d6 5. Nc3 Bg4 6. dxc5 Bxc3+ 7. bxc3 dxc5 8.
Qxd8+ Kxd8 9. Ne5 Be6 10. Be3 Nf6 11. O-O-O+ Ke8 12. Bxc5 Nxe4 13. Bd4 f6 14.
Re1 Bf5 15. f3 fxe5 16. Bxe5 Rf8 17. fxe4 Be6 18. Bd4 Nd7 19. Be2 Rc8 20. e5
Bxc4 21. Bf3 Nc5 22. Kb1 b6 23. Rd1 Bd3+ 24. Kb2 Be4 25. Bg4 Rc7 26. Rd2 Na4+
27. Kb3 Nc5+ 28. Kb2 Na4+ 29. Kb3 Nc5+ 30. Ka3 Rf4 31. h3 Bf5 32. g3 Ne4 33.
gxf4 Nxd2 34. Bxf5 gxf5 35. Kb4 Ne4 36. Rg1 Kf7 37. a4 h5 38. h4 Ke6 39. c4 Kf7
40. Rg2 Rd7 41. Bg1 Rd1 42. Kb5 Rb1+ 43. Kc6 Rb4 44. a5 Rxc4+ 45. Kd5 Ra4 46.
e6+ Kf8 47. Bd4 Rxa5+ 48. Kc6 Nf6 49. Bxf6 Rc5+ 50. Kd7 Rd5+ 51. Kc6 Rc5+ 52.
Kd7 1/2-1/2

[Event "45th Olympiad 2024"]
[Site "Budapest HUN"]
[Date "2024.09.14"]
[Round "4.11"]
[Board "1"]
[White "Bjerre, Jonas Buhl"]
[Black "Maghsoodloo, Parham"]
[Result "1/2-1/2"]
[WhiteTitle "GM"]
[BlackTitle "GM"]
[WhiteElo "2648"]
[BlackElo "2723"]
[WhiteTeam "Denmark"]
[BlackTeam "Iran"]
[WhiteFideId "1444948"]
[BlackFideId "12539929"]
[EventDate "2024.09.11"]

1. e4 e5 2. Nf3 Nc6 3. Bb5 a6 4. Ba4 Nf6 5. O-O Be7 6. d3 b5 7. Bb3 O-O 8. a4
Bb7 9. axb5 axb5 10. Rxa8 Bxa8 11. Nc3 b4 12. Nd5 Na5 13. Nxe7+ Qxe7 14. Ba2 d5
15. exd5 Bxd5 16. Bxd5 Nxd5 17. Qe2 Re8 18. Re1 f6 19. Qe4 Qf7 20. Bd2 Nc6 21.
Ra1 Rb8 22. Ra6 Qd7 23. Qc4 Ne7 24. Be3 Kh8 25. h3 h6 26. Nd2 Nf5 27. Bc5 Nf4
28. Be3 Nd5 29. Bc5 Nf4 30. Be3 Nd5 1/2-1/2

[Event "45th Olympiad 2024"]
[Site "Budapest HUN"]
[Date "2024.09.14"]
[Round "4.11"]
[Board "2"]
[White "Tabatabaei, M. Amin"]
[Black "Andersen, Mads"]
[Result "1/2-1/2"]
[WhiteTitle "GM"]
[BlackTitle "GM"]
[WhiteElo "2714"]
[BlackElo "2598"]
[WhiteTeam "Iran"]
[BlackTeam "Denmark"]
[WhiteFideId "12521213"]
[BlackFideId "1413864"]
[EventDate "2024.09.11"]

1. d4 Nf6 2. Nf3 e6 3. e3 c5 4. c4 d5 5. cxd5 exd5 6. Bb5+ Bd7 7. Bxd7+ Nbxd7 8.
dxc5 Nxc5 9. O-O Be7 10. Nc3 O-O 11. b3 Qd7 12. Bb2 Rfd8 13. Rc1 Rac8 14. Qe2
Nfe4 15. Rfd1 Nxc3 16. Bxc3 Ne4 17. Bd4 Bf6 18. Qb2 Rxc1 19. Rxc1 Rc8 20. Bxf6
Nxf6 21. Nd4 a6 22. h3 h5 23. Rd1 g6 24. Ne2 Qf5 25. Nd4 Qd7 26. a4 Qc7 27. b4
Qc3 28. Rb1 Qxb2 29. Rxb2 Rc1+ 30. Kh2 Ne4 31. h4 b6 32. a5 bxa5 33. bxa5 Rc5
34. f3 Nd6 35. Rb6 Nc4 36. Nb3 Nxb6 37. Nxc5 Nc4 38. Nxa6 Nxa5 39. Nb4 Nc4 40.
Nxd5 Ne5 41. Kg3 Nd3 42. Nf4 Ne5 43. e4 Kg7 44. Kf2 Kf6 45. Ke3 Nc6 46. Nd3 Ke6
47. Kf4 Kf6 48. e5+ Kg7 49. Nc5 Ne7 50. Kg5 Nc6 51. Kf4 Ne7 52. g4 Nd5+ 53. Ke4
Nc3+ 54. Kd4 hxg4 55. fxg4 Ne2+ 56. Ke3 Nc3 57. Nd7 Nd5+ 58. Kf3 Nc7 59. Nf6 Ne6
60. Ke4 Kf8 61. Nd5 Nc5+ 62. Ke3 Kg7 63. Nc7 Kf8 64. Nd5 Kg7 65. Kd4 Ne6+ 66.
Kc4 Kf8 67. Kd3 Nc5+ 68. Ke3 1/2-1/2

[Event "45th Olympiad 2024"]
[Site "Budapest HUN"]
[Date "2024.09.14"]
[Round "4.11"]
[Board "3"]
[White "Thybo, Jesper Sondergaard"]
[Black "Daneshvar, Bardiya"]
[Result "0-1"]
[WhiteTitle "GM"]
[BlackTitle "GM"]
[WhiteElo "2555"]
[BlackElo "2598"]
[WhiteTeam "Denmark"]
[BlackTeam "Iran"]
[WhiteFideId "1438832"]
[BlackFideId "12576468"]
[EventDate "2024.09.11"]

1. d4 Nf6 2. c4 g6 3. Nc3 Bg7 4. e4 d6 5. Be2 O-O 6. Nf3 e5 7. O-O h6 8. dxe5
dxe5 9. Qxd8 Rxd8 10. Nxe5 Nxe4 11. Nxe4 Bxe5 12. Bxh6 Bxb2 13. Rab1 Bg7 14.
Bxg7 Kxg7 15. Bf3 Nd7 16. Rfd1 Re8 17. Nc3 c6 18. Ne4 Ne5 19. Nd6 Nxf3+ 20. gxf3
Re7 21. c5 Be6 22. a4 Bd5 23. a5 Bxf3 24. Re1 Rd7 25. Rxb7 Rxb7 26. Nxb7 a6 27.
Kf1 Rh8 28. Re3 Bd5 29. h3 Rb8 30. Re7 Kf6 31. Rc7 Ke5 32. Ke2 Kd4 33. Re7 Rh8
34. Re3 Be6 35. Rd3+ Kc4 36. Rf3 f5 37. Kd2 Rb8 38. Rc3+ Kb4 39. Nd6 Kxa5 40.
Rg3 Rb2+ 41. Ke1 Kb4 42. Rxg6 Bb3 43. Nxf5 Kxc5 44. Ne7 Ba4 45. h4 Bb5 46. Kd1
a5 47. Kc1 Rxf2 48. h5 a4 49. h6 a3 50. h7 Rh2 51. Rg5+ Kb4 52. Rg4+ Kc3 53. Kb1
Bd3+ 54. Ka1 Kb3 0-1

[Event "45th Olympiad 2024"]
[Site "Budapest HUN"]
[Date "2024.09.14"]
[Round "4.11"]
[Board "4"]
[White "Idani, Pouya"]
[Black "Olsen, Filip Boe"]
[Result "1-0"]
[WhiteTitle "GM"]
[BlackTitle "IM"]
[WhiteElo "2599"]
[BlackElo "2441"]
[WhiteTeam "Iran"]
[BlackTeam "Denmark"]
[WhiteFideId "12510130"]
[BlackFideId "1440640"]
[EventDate "2024.09.11"]

1. e4 c6 2. d4 d5 3. e5 c5 4. Nf3 Bg4 5. dxc5 Nc6 6. c3 e6 7. Be3 a6 8. Nbd2
Nxe5 9. b4 Be7 10. Be2 Nc6 11. a4 Bf6 12. Rc1 Nge7 13. b5 axb5 14. axb5 Bxf3 15.
Nxf3 Ne5 16. O-O O-O 17. Nxe5 Bxe5 18. Bd3 g6 19. Qb3 Qc7 20. g3 Nf5 21. Bxf5
gxf5 22. Bd4 Bg7 23. Rfd1 Rfc8 24. c6 bxc6 25. b6 Qb7 26. Bxg7 Kxg7 27. c4 Rcb8
28. c5 Qe7 29. Rd4 Qf6 30. Ra4 e5 31. Rca1 Rxa4 32. Rxa4 e4 33. Qe3 Rd8 34. Qf4
d4 35. b7 d3 36. Ra2 Qd4 37. Qg5+ Kf8 38. Qxd8+ Qxd8 39. Ra8 1-0

[Event "45th Olympiad 2024"]
[Site "Budapest HUN"]
[Date "2024.09.14"]
[Round "4.12"]
[Board "1"]
[White "Neiksans, Arturs"]
[Black "Gurel, Ediz"]
[Result "0-1"]
[WhiteTitle "GM"]
[BlackTitle "GM"]
[WhiteElo "2571"]
[BlackElo "2602"]
[WhiteTeam "Latvia"]
[BlackTeam "Turkiye"]
[WhiteFideId "11601388"]
[BlackFideId "44507356"]
[EventDate "2024.09.11"]

1. d4 Nf6 2. c4 e6 3. Nf3 d5 4. e3 Be7 5. b3 O-O 6. Bb2 b6 7. Nbd2 Bb7 8. Bd3
Nbd7 9. O-O c5 10. Rc1 Rc8 11. Qe2 Rc7 12. a3 Qa8 13. cxd5 Nxd5 14. Ne5 N5f6 15.
f3 Rfc8 16. Nxd7 Nxd7 17. dxc5 Nxc5 18. Bc4 Bd5 19. Rfd1 h6 20. b4 Bxc4 21. Rxc4
Na4 22. Bd4 Rxc4 23. Nxc4 Qd5 24. Ne5 Qb3 25. Qd3 Nc3 26. Rd2 Qxa3 27. Rc2 Bxb4
28. Nc4 Qa1+ 29. Kf2 Qa6 0-1

[Event "45th Olympiad 2024"]
[Site "Budapest HUN"]
[Date "2024.09.14"]
[Round "4.12"]
[Board "2"]
[White "Erdogmus, Yagiz Kaan"]
[Black "Meshkovs, Nikita"]
[Result "1-0"]
[WhiteTitle "GM"]
[BlackTitle "GM"]
[WhiteElo "2592"]
[BlackElo "2534"]
[WhiteTeam "Turkiye"]
[BlackTeam "Latvia"]
[WhiteFideId "44599790"]
[BlackFideId "11602740"]
[EventDate "2024.09.11"]

1. c4 e6 2. Nc3 d5 3. d4 Nf6 4. cxd5 exd5 5. Bg5 c6 6. e3 Be6 7. Bd3 Nbd7 8.
Nge2 h6 9. Bf4 g5 10. Bg3 Nh5 11. O-O Nxg3 12. Nxg3 h5 13. e4 Qf6 14. exd5 cxd5
15. Rc1 Bd6 16. Qc2 Bf4 17. Rce1 Kf8 18. Nf5 Rd8 19. g3 Bb8 20. Nd1 Bxf5 21.
Bxf5 Nb6 22. Qd3 Nc4 23. Ne3 Kg7 24. Bh3 Qg6 25. Nf5+ Kh7 26. Qd1 g4 27. Ne7 Qg5
28. f4 Qf6 29. Bg2 Nb6 30. Qd3+ Kg7 31. Nf5+ Kg8 32. Re2 Bd6 33. Rfe1 Qg6 34.
Re7 h4 35. R7e6 Qxe6 36. Rxe6 fxe6 37. Nxd6 Rxd6 38. Qg6+ Kf8 39. Qf6+ Kg8 40.
f5 hxg3 41. Qg6+ Kf8 42. fxe6 1-0

[Event "45th Olympiad 2024"]
[Site "Budapest HUN"]
[Date "2024.09.14"]
[Round "4.12"]
[Board "3"]
[White "Kantans, Toms"]
[Black "Sanal, Vahap"]
[Result "1/2-1/2"]
[WhiteTitle "GM"]
[BlackTitle "GM"]
[WhiteElo "2486"]
[BlackElo "2581"]
[WhiteTeam "Latvia"]
[BlackTeam "Turkiye"]
[WhiteFideId "11602945"]
[BlackFideId "6300545"]
[EventDate "2024.09.11"]

1. e4 d6 2. d4 Nf6 3. Nc3 e5 4. Nf3 Nbd7 5. Bc4 Be7 6. O-O O-O 7. Re1 c6 8. a4
h6 9. h3 Re8 10. a5 Rb8 11. Be3 b5 12. axb6 axb6 13. d5 Bb7 14. Ra7 b5 15. Rxb7
Rxb7 16. dxc6 bxc4 17. cxb7 Qc7 18. Nd2 Rb8 19. Qa1 Rxb7 20. Rb1 Rb4 21. Qa3 Qb7
22. f3 Bf8 23. Qa7 Qc6 24. Qa5 Rb8 25. Qa4 Qxa4 26. Nxa4 d5 27. exd5 Nxd5 28.
Nxc4 Rb4 29. b3 Rxc4 30. bxc4 Nxe3 31. Rb7 Nc5 32. Nxc5 Bxc5 33. Rb5 Bd4 34. c5
Nxc2+ 35. Kh1 Kf8 36. c6 Ke7 37. Rd5 Bb6 38. c7 Bxc7 39. Rc5 Nd4 40. Rxc7+ Kf6
41. h4 h5 42. Kg1 g6 43. Kf2 Nf5 44. g3 Ke6 45. Ra7 Kf6 46. Ra6+ Ke7 47. Ra1 Kf6
48. Rh1 Nh6 49. Ke2 Nf5 50. Rh3 Nh6 51. Kd3 Ke6 52. Rh2 Kd5 53. Ra2 Nf5 54. Ra5+
Ke6 55. Ra6+ Kd5 56. Rf6 Nxg3 57. Rxf7 Nf5 58. Ra7 Nxh4 59. Ra5+ Ke6 60. Ke4 Kf6
61. Ra6+ Kg5 62. Rb6 Nf5 63. Kxe5 h4 64. f4+ Kh5 65. Ke4 h3 66. Kf3 Nd4+ 67. Kf2
Nf5 68. Kg1 Nh4 69. Rf6 Kg4 70. Kh2 Nf3+ 71. Kh1 Nh4 72. Rf8 Ng2 73. f5 gxf5 74.
Kh2 Nf4 1/2-1/2

[Event "45th Olympiad 2024"]
[Site "Budapest HUN"]
[Date "2024.09.14"]
[Round "4.12"]
[Board "4"]
[White "Can, Emre"]
[Black "Starostits, Ilmars"]
[Result "0-1"]
[WhiteTitle "GM"]
[BlackTitle "GM"]
[WhiteElo "2547"]
[BlackElo "2344"]
[WhiteTeam "Turkiye"]
[BlackTeam "Latvia"]
[WhiteFideId "6302181"]
[BlackFideId "11600748"]
[EventDate "2024.09.11"]

1. d4 d5 2. c4 c6 3. Nf3 Nf6 4. e3 Bf5 5. Nc3 e6 6. Nh4 Bg6 7. Bd2 Nbd7 8. Nxg6
hxg6 9. Qb3 Qc7 10. g3 Be7 11. Bg2 Nb6 12. cxd5 exd5 13. O-O Nc4 14. Be1 Nd6 15.
f3 Nf5 16. Bf2 O-O-O 17. Rfd1 Bd6 18. Nb5 Qb6 19. Nxd6+ Nxd6 20. Qc2 Rde8 21.
Rd3 Qc7 22. Rc1 g5 23. g4 Nde4 24. fxe4 Qxh2+ 25. Kf1 Nxe4 26. Ra3 Rh6 27. Bxe4
Rxe4 28. Ke1 Qg2 29. Qe2 Rxg4 30. Kd1 Qe4 31. Kd2 Rh2 32. Rf1 Rgg2 33. Rxa7 Qf5
34. Ra8+ Kd7 35. Rf8 Rxf2 0-1

[Event "45th Olympiad 2024"]
[Site "Budapest HUN"]
[Date "2024.09.14"]
[Round "4.13"]
[Board "1"]
[White "Rodrigue-Lemieux, Shawn"]
[Black "Theodorou, Nikolas"]
[Result "1/2-1/2"]
[WhiteTitle "GM"]
[BlackTitle "GM"]
[WhiteElo "2509"]
[BlackElo "2619"]
[WhiteTeam "Canada"]
[BlackTeam "Greece"]
[WhiteFideId "2620049"]
[BlackFideId "4262875"]
[EventDate "2024.09.11"]

1. e4 c5 2. Nf3 Nc6 3. Bb5 Nf6 4. Nc3 g6 5. O-O Bg7 6. Re1 O-O 7. e5 Ne8 8. Bxc6
dxc6 9. d3 Nc7 10. Ne4 b6 11. h3 f5 12. Nc3 Ne6 13. a4 a5 14. Ne2 f4 15. d4 Ba6
16. c3 Qd5 17. b3 c4 18. bxc4 Bxc4 19. Ba3 Rf7 20. Nc1 Raf8 21. Rb1 b5 22. Nb3
Ra8 23. Qc2 Qd7 24. Nbd2 Bd5 25. Qb2 Nc7 26. Bc5 Rff8 27. Qc2 Ne6 28. Ba3 Rfb8
29. Rb2 Rb7 30. Reb1 Rab8 31. Qd3 Bf8 32. Kh2 Ng7 33. Nb3 Ne6 34. axb5 cxb5 35.
Nxa5 Ra7 36. Bb4 Rba8 37. Nb3 Ra2 38. Nc5 Qc6 39. Nxe6 Bxe6 40. Qd2 Qe4 41. Re1
Qf5 42. Re2 Rxb2 43. Qxb2 Qh5 44. Qd2 g5 45. d5 Bxh3 46. gxh3 Qxf3 47. d6 h5 48.
dxe7 Bxe7 49. Bxe7 g4 50. Re1 Kh7 51. Bf6 Rg8 52. Qd7+ Kh6 53. Bg5+ Rxg5 54.
Qd6+ Kh7 55. Qd7+ Kh6 56. Qd6+ Kh7 57. Qd7+ Kh6 1/2-1/2

[Event "45th Olympiad 2024"]
[Site "Budapest HUN"]
[Date "2024.09.14"]
[Round "4.14"]
[Board "1"]
[White "Giri, Anish"]
[Black "Romanov, Evgeny"]
[Result "1-0"]
[WhiteTitle "GM"]
[BlackTitle "GM"]
[WhiteElo "2724"]
[BlackElo "2567"]
[WhiteTeam "Netherlands"]
[BlackTeam "North Macedonia"]
[WhiteFideId "24116068"]
[BlackFideId "4148843"]
[EventDate "2024.09.11"]

1. e4 c5 2. Nf3 Nc6 3. d4 cxd4 4. Nxd4 Nf6 5. Nc3 d6 6. Bg5 e6 7. Qd2 a6 8.
O-O-O Bd7 9. f3 Rc8 10. Kb1 Be7 11. Nxc6 Bxc6 12. h4 h6 13. Be3 d5 14. e5 Nd7
15. f4 Qa5 16. Bd4 b5 17. f5 Nb6 18. Qf2 Rb8 19. Qg3 Rg8 20. fxe6 fxe6 21. Qg6+
Kd7 22. g3 Rge8 23. Bh3 Ba3 24. bxa3 Nc4 25. Ka1 Nxa3 26. Nb1 b4 27. Nxa3 bxa3
28. Rhf1 Rb4 29. Bxe6+ Kd8 30. Bh3 1-0

[Event "45th Olympiad 2024"]
[Site "Budapest HUN"]
[Date "2024.09.14"]
[Round "4.14"]
[Board "2"]
[White "Lazov, Toni"]
[Black "Van Foreest, Jorden"]
[Result "1/2-1/2"]
[WhiteTitle "IM"]
[BlackTitle "GM"]
[WhiteElo "2360"]
[BlackElo "2696"]
[WhiteTeam "North Macedonia"]
[BlackTeam "Netherlands"]
[WhiteFideId "15000770"]
[BlackFideId "1039784"]
[EventDate "2024.09.11"]

1. e4 c5 2. Nf3 Nc6 3. Bb5 e6 4. Bxc6 bxc6 5. b3 Ne7 6. O-O Ng6 7. Bb2 f6 8. e5
Be7 9. Na3 O-O 10. Nc4 fxe5 11. Nfxe5 Nxe5 12. Nxe5 Bf6 13. f4 d6 14. Nc4 Bxb2
15. Nxb2 Qf6 16. c3 Ba6 17. Rf3 e5 18. fxe5 Qxe5 19. Qe1 Qd5 20. Rxf8+ Rxf8 21.
Qe3 Qf7 22. d3 Qf6 23. Qd2 h5 24. Re1 h4 25. h3 Bc8 26. Nd1 d5 27. Nf2 Bf5 28.
d4 cxd4 29. cxd4 Bd7 30. Re5 a5 31. Qe3 Rf7 32. Nd3 Rf8 33. Nc5 1/2-1/2

[Event "45th Olympiad 2024"]
[Site "Budapest HUN"]
[Date "2024.09.14"]
[Round "4.14"]
[Board "3"]
[White "Warmerdam, Max"]
[Black "Risteski, Emil"]
[Result "1-0"]
[WhiteTitle "GM"]
[BlackTitle "IM"]
[WhiteElo "2679"]
[BlackElo "2367"]
[WhiteTeam "Netherlands"]
[BlackTeam "North Macedonia"]
[WhiteFideId "1048104"]
[BlackFideId "15005267"]
[EventDate "2024.09.11"]

1. Nf3 d5 2. c4 e6 3. d4 Nf6 4. Nc3 h6 5. g3 Nc6 6. Bg2 Bd6 7. c5 Be7 8. a3 Ne4
9. Qc2 f5 10. Bf4 g5 11. Be3 Bf6 12. Rd1 Qe7 13. b4 a6 14. Nd2 Nxd2 15. Qxd2 Qg7
16. f3 Bd7 17. Bf2 Rd8 18. e3 Bc8 19. f4 h5 20. fxg5 Bxg5 21. Bf3 h4 22. Qe2 h3
23. g4 O-O 24. gxf5 Rxf5 25. Bg4 Rf6 26. Rg1 Rdf8 27. Bg3 Kh8 28. Rd3 Qh7 29.
Kd1 Bh4 30. e4 Bxg3 31. Rgxg3 Rf1+ 32. Kc2 R1f2 33. Rxh3 dxe4 34. Rxh7+ Kxh7 35.
Nxe4 Rxe2+ 36. Bxe2 e5 37. dxe5 Nxe5 38. Re3 Kg6 39. Ng3 Ng4 40. Re7 Nxh2 41.
Rxc7 Kg5 42. Ne4+ Kf4 43. Nd6 1-0

[Event "45th Olympiad 2024"]
[Site "Budapest HUN"]
[Date "2024.09.14"]
[Round "4.14"]
[Board "4"]
[White "Zlatkov, Anton"]
[Black "L'Ami, Erwin"]
[Result "1/2-1/2"]
[WhiteTitle "FM"]
[BlackTitle "GM"]
[WhiteElo "2346"]
[BlackElo "2628"]
[WhiteTeam "North Macedonia"]
[BlackTeam "Netherlands"]
[WhiteFideId "15005402"]
[BlackFideId "1007998"]
[EventDate "2024.09.11"]

1. Nf3 d5 2. g3 Nf6 3. Bg2 c6 4. c4 dxc4 5. O-O e6 6. a4 a5 7. Qc2 Na6 8. Qxc4
Nb4 9. Nc3 Be7 10. d4 O-O 11. Qb3 Nd7 12. Rd1 Qb6 13. Bg5 Bxg5 14. Nxg5 e5 15.
d5 h6 16. Nge4 Nxd5 17. Qc4 N7f6 18. Qc5 Nxe4 19. Qxb6 Nxb6 20. Nxe4 Nd5 21. Nc5
Nc7 22. Rac1 Ne6 23. Nd7 Bxd7 24. Rxd7 Rab8 25. Bh3 Rfe8 26. Bxe6 Rxe6 27. Rc7
Kf8 28. Rc5 f6 29. Rxa5 Re7 30. Rxe7 Kxe7 31. Ra7 Kd6 32. Kg2 Kc5 33. a5 Kc4 34.
Kf3 Kb3 35. a6 bxa6 36. Rxa6 c5 37. Ke4 c4 38. Rc6 Rd8 39. Rb6+ Kc2 40. Rb4 Rc8
41. Rb7 g6 42. Kd5 Kd2 43. Rb6 Rf8 44. e4 Kd3 45. f4 Rd8+ 46. Kc5 Rc8+ 47. Kd5
Rd8+ 48. Kc5 exf4 49. Rxf6 Rc8+ 50. Kd5 Rd8+ 51. Kc5 Rc8+ 52. Kd5 Rd8+ 1/2-1/2

[Event "45th Olympiad 2024"]
[Site "Budapest HUN"]
[Date "2024.09.14"]
[Round "4.15"]
[Board "1"]
[White "Keymer, Vincent"]
[Black "Amartuvshin, Ganzorig"]
[Result "1-0"]
[WhiteTitle "GM"]
[BlackTitle "IM"]
[WhiteElo "2730"]
[BlackElo "2402"]
[WhiteTeam "Germany"]
[BlackTeam "Mongolia"]
[WhiteFideId "12940690"]
[BlackFideId "4902548"]
[EventDate "2024.09.11"]

1. Nf3 Nf6 2. b3 d5 3. Bb2 e6 4. e3 c5 5. d4 Nc6 6. Nbd2 Be7 7. dxc5 Bxc5 8. a3
O-O 9. b4 Be7 10. Bd3 a6 11. Qe2 b5 12. O-O Nd7 13. e4 Nb6 14. Rad1 Bd7 15. Rfe1
Re8 16. e5 Na4 17. Ba1 Bf8 18. h4 g6 19. h5 Bg7 20. Qe3 a5 21. Qf4 axb4 22. axb4
Qe7 23. Rb1 Qf8 24. Nf1 Ne7 25. N1h2 Bh6 26. Ng5 Nf5 27. Ng4 Bg7 28. hxg6 hxg6
29. Bxf5 exf5 30. Qh2 Qe7 31. Nh6+ 1-0

[Event "45th Olympiad 2024"]
[Site "Budapest HUN"]
[Date "2024.09.14"]
[Round "4.15"]
[Board "2"]
[White "Baasansuren, Erdene"]
[Black "Kollars, Dmitrij"]
[Result "0-1"]
[WhiteTitle "FM"]
[BlackTitle "GM"]
[WhiteElo "2368"]
[BlackElo "2659"]
[WhiteTeam "Mongolia"]
[BlackTeam "Germany"]
[WhiteFideId "4902084"]
[BlackFideId "12909572"]
[EventDate "2024.09.11"]

1. Nf3 d5 2. e3 Nf6 3. c4 e6 4. Nc3 Bd6 5. d4 b6 6. Be2 O-O 7. O-O Bb7 8. b3
Nbd7 9. Bb2 Re8 10. Qc2 a6 11. a4 c5 12. Rfd1 Rc8 13. h3 Bb8 14. cxd5 exd5 15.
Rac1 Qe7 16. Ba3 Qe6 17. Qd2 h6 18. a5 Ne4 19. Nxe4 dxe4 20. Nh2 Qxb3 21. Bg4
Rcd8 22. dxc5 Qxa3 23. c6 Nf8 24. Qc2 Rxd1+ 25. Rxd1 h5 26. Bxh5 Qxa5 27. Bxf7+
Kxf7 28. Qc4+ Re6 29. cxb7 Qc5 30. Qxa6 Rd6 31. Rb1 Nd7 32. Nf1 Qc2 33. Qb5 Nc5
34. Ra1 Qd3 35. Qb4 Qd5 36. Ra8 Qxb7 37. Qc4+ Kg6 38. Ra1 Qd5 39. Qb5 Qc6 40.
Qe2 Rd5 41. h4 Kh7 42. f4 exf3 43. Qxf3 Qe6 44. Ra8 Rf5 45. Qd1 Bd6 46. Rd8 Ne4
47. Qd3 Rd5 48. Qb3 Qf6 49. Qc2 Qxd8 50. Qxe4+ Kh8 0-1

[Event "45th Olympiad 2024"]
[Site "Budapest HUN"]
[Date "2024.09.14"]
[Round "4.15"]
[Board "3"]
[White "Donchenko, Alexander"]
[Black "Munkhdalai, Amilal"]
[Result "1/2-1/2"]
[WhiteTitle "GM"]
[BlackTitle "IM"]
[WhiteElo "2638"]
[BlackElo "2374"]
[WhiteTeam "Germany"]
[BlackTeam "Mongolia"]
[WhiteFideId "24603295"]
[BlackFideId "4903250"]
[EventDate "2024.09.11"]

1. e4 c5 2. Nf3 d6 3. d4 cxd4 4. Nxd4 Nf6 5. Nc3 a6 6. Be3 Ng4 7. Bc1 Nf6 8. Be2
e6 9. Be3 Qc7 10. f4 b5 11. a3 Bb7 12. Bf3 Nbd7 13. Qe2 Be7 14. g4 Nb6 15. g5
Nfd7 16. Rd1 Nc4 17. Bc1 Nxa3 18. Bg4 g6 19. O-O Nc4 20. b3 Ncb6 21. Bb2 e5 22.
Nf3 O-O 23. Nd5 Bxd5 24. exd5 f5 25. gxf6 Bxf6 26. fxe5 Nxe5 27. Nxe5 Bxe5 28.
Bxe5 dxe5 29. Rfe1 Rfe8 30. Qe3 Qd6 31. Be6+ Kg7 32. Qc3 Nd7 33. Bxd7 Qxd7 34.
Rxe5 Qg4+ 35. Kh1 Kg8 36. Rd4 Qd7 37. Rde4 Rxe5 38. Qxe5 Rf8 39. Qe6+ Qxe6 40.
Rxe6 Rf2 41. c4 bxc4 42. bxc4 Rc2 43. d6 Kf7 44. Re7+ Kf8 45. Re5 Rd2 46. c5 a5
47. Re7 a4 48. Ra7 Ke8 49. Rxa4 Rc2 50. Re4+ Kd8 51. Re5 h6 52. h4 Kd7 53. Re7+
Kd8 54. Re5 Kd7 55. Kg1 Kc6 56. Rd5 Kd7 57. Kf1 Kd8 58. Ke1 Rc4 59. Kd2 Rxh4 60.
Kd3 Rh1 61. Kc4 Rc1+ 62. Kb5 Kd7 63. Rd4 h5 64. Re4 Rb1+ 65. Kc4 Kc6 66. Re8
Rc1+ 67. Kd4 Rd1+ 68. Kc4 Rc1+ 69. Kb4 Rb1+ 70. Ka4 Rb7 71. Rc8+ Kd7 72. Rg8 Kc6
73. Rc8+ Kd7 74. Rg8 Kc6 75. Rxg6 Kxc5 76. Rg5+ Kxd6 77. Rxh5 1/2-1/2

[Event "45th Olympiad 2024"]
[Site "Budapest HUN"]
[Date "2024.09.14"]
[Round "4.15"]
[Board "4"]
[White "Itgelt, Khuyagtsogt"]
[Black "Svane, Frederik"]
[Result "0-1"]
[WhiteTitle "FM"]
[BlackTitle "GM"]
[WhiteElo "2412"]
[BlackElo "2640"]
[WhiteTeam "Mongolia"]
[BlackTeam "Germany"]
[WhiteFideId "4902912"]
[BlackFideId "12923044"]
[EventDate "2024.09.11"]

1. d4 Nf6 2. c4 e6 3. g3 Bb4+ 4. Nd2 d5 5. Bg2 a5 6. Nf3 a4 7. a3 Be7 8. O-O Nc6
9. Qc2 O-O 10. Rd1 Bd7 11. e4 dxe4 12. Nxe4 Nxe4 13. Qxe4 Na5 14. Ne5 Be8 15.
Be3 f6 16. Nd3 Qc8 17. Nf4 Bf7 18. Bh3 f5 19. Qc2 Nb3 20. Rab1 c6 21. Bf1 Bf6
22. c5 Kh8 23. Bc4 Qe8 24. h4 Rd8 25. Re1 Bxd4 26. Bxb3 axb3 27. Qxb3 Bf6 28.
Qxb7 e5 29. Nh3 Bd5 30. Bg5 Qh5 31. Bxf6 gxf6 32. Kh2 f4 33. Rg1 Be6 34. gxf4
Rd7 35. Qxc6 Bxh3 36. Kxh3 Rd3+ 37. Rg3 Qf5+ 0-1

[Event "45th Olympiad 2024"]
[Site "Budapest HUN"]
[Date "2024.09.14"]
[Round "4.16"]
[Board "1"]
[White "Mohammad Fahad, Rahman"]
[Black "Vachier-Lagrave, Maxime"]
[Result "0-1"]
[WhiteTitle "IM"]
[BlackTitle "GM"]
[WhiteElo "2419"]
[BlackElo "2731"]
[WhiteTeam "Bangladesh"]
[BlackTeam "France"]
[WhiteFideId "10207791"]
[BlackFideId "623539"]
[EventDate "2024.09.11"]

1. d4 Nf6 2. c4 e6 3. Nf3 d5 4. Nc3 dxc4 5. e4 b5 6. e5 Nd5 7. Nxb5 Nb6 8. a4
Qd7 9. Na3 Bb4+ 10. Bd2 Bxa3 11. Rxa3 a5 12. b3 Nc6 13. bxc4 Ba6 14. d5 Nb4 15.
dxe6 fxe6 16. Qb3 O-O 17. Be2 Rad8 18. Bxb4 axb4 19. Ra2 Bxc4 20. Bxc4 Nxc4 21.
O-O Qd5 22. Rc2 Na3 23. Qxd5 Rxd5 24. Rxc7 Rb8 25. h4 Rd3 26. a5 b3 27. a6 b2
28. Rb7 Rxb7 29. axb7 Rb3 30. Nd2 Rxb7 31. Nb1 Nc4 32. f4 Ne3 33. Re1 Nf5 34.
Kf2 h5 35. Nd2 Nxh4 36. Rb1 Rb4 37. g3 Nf5 38. Nf3 Kf7 39. Nd2 Ke7 40. Nf3 Kd7
41. Nd2 Kc6 42. Nf3 Kc5 43. Ng5 Kd5 0-1

[Event "45th Olympiad 2024"]
[Site "Budapest HUN"]
[Date "2024.09.14"]
[Round "4.16"]
[Board "2"]
[White "Maurizzi, Marc'Andria"]
[Black "Manon, Reja Neer"]
[Result "1/2-1/2"]
[WhiteTitle "GM"]
[BlackTitle "FM"]
[WhiteElo "2595"]
[BlackElo "2417"]
[WhiteTeam "France"]
[BlackTeam "Bangladesh"]
[WhiteFideId "36083534"]
[BlackFideId "10224009"]
[EventDate "2024.09.11"]

1. e4 c6 2. d4 d5 3. e5 Bf5 4. h4 h5 5. Bd3 Bxd3 6. Qxd3 Qa5+ 7. Nd2 e6 8. Ne2
Qa6 9. c4 Ne7 10. O-O Nf5 11. Rb1 Bb4 12. b3 Nxh4 13. a3 Be7 14. b4 Nd7 15. Nc3
g6 16. b5 Qa5 17. bxc6 bxc6 18. cxd5 cxd5 19. Rb7 Rb8 20. Nb3 Qd8 21. Qb5 Rxb7
22. Qxb7 Qb8 23. Qc6 Qxb3 24. Nb5 O-O 25. Qxd7 Nf5 26. Nd6 Bxd6 27. exd6 Qb6 28.
Bg5 Qxd6 1/2-1/2